Sports Quiz

Random Sports or MLB Quiz

MLB Hitting Leaders by Batting Hand (Career) Quiz Stats

 Plays Quiz Updated Sep 29, 2015

Challenge
Share
Tweet
Embed
Score 0/60 Timer 05:00
1 Play Today
Hint Answer % Correct
Games Played1. Pete Rose
95.3%
Runs Scored6. Pete Rose
95.3%
Hits1. Pete Rose
95.3%
Doubles2. Pete Rose
95.3%
Singles1. Pete Rose
95.3%
Plate Appearances1. Pete Rose
95.3%
Runs Created 9. Pete Rose
95.3%
Total Bases7. Pete Rose
95.3%
Times on Base1. Pete Rose
95.3%
Slugging Percentage1. Babe Ruth
94.2%
On Base + Slugging Percentage1. Babe Ruth
94.2%
Runs Batted In2. Babe Ruth
94.2%
Home Runs1. Barry Bonds
93.1%
Base on Balls1. Barry Bonds
93.1%
Extra Base Hits2. Barry Bonds
93.1%
Runs Created 1. Barry Bonds
93.1%
Times on Base2. Barry Bonds
93.1%
Runs Scored1. Rickey Henderson
89.4%
Base on Balls2. Rickey Henderson
89.4%
Stolen Bases1. Rickey Henderson
89.4%
Times on Base4. Rickey Henderson
89.4%
On Base Percentage1. Ted Williams
87.9%
Hits3. Hank Aaron
87.1%
Home Runs2. Hank Aaron
87.1%
Runs Batted In1. Hank Aaron
87.1%
Extra Base Hits1. Hank Aaron
87.1%
Plate Appearances3. Hank Aaron
87.1%
Games Played3. Hank Aaron
87.1%
Runs Created 4. Hank Aaron
87.1%
Total Bases1. Hank Aaron
87.1%
Hint Answer % Correct
Batting Average1. Ty Cobb
86.8%
Runs Scored2. Ty Cobb
86.8%
Hits2. Ty Cobb
86.8%
Singles2. Ty Cobb
86.8%
On Base Percentage17. Mickey Mantle
85.9%
Slugging Percentage20. Mickey Mantle
85.9%
On Base + Slugging Percentage11. Mickey Mantle
85.9%
Home Runs18. Mickey Mantle
85.9%
Base on Balls8. Mickey Mantle
85.9%
Total Bases2. Stan Musial
79.4%
Sacrifice Flies2. Cal Ripken
78.9%
Plate Appearances2. Carl Yastrzemski
72.2%
Games Played2. Carl Yastrzemski
72.2%
Sacrifice Flies6. George Brett
67.7%
Stolen Bases2. Lou Brock
67%
Doubles5. Craig Biggio
65.1%
Slugging Percentage4. Jimmie Foxx
61%
On Base + Slugging Percentage5. Jimmie Foxx
61%
Runs Batted In10. Eddie Murray
59.9%
Extra Base Hits18. Eddie Murray
59.9%
Sacrifice Flies1. Eddie Murray
59.9%
Stolen Bases5. Tim Raines
58.3%
Triples3. Honus Wagner
51.9%
Batting Average2. Rogers Hornsby
51.6%
On Base Percentage8. Rogers Hornsby
51.6%
Doubles1. Tris Speaker
39.5%
Singles4. Cap Anson
33.8%
Triples1. Sam Crawford
24%
Batting Average71. Frankie Frisch
11.8%
Triples33. George Davis
8.6%

You're not logged in!

Compare scores with friends on all Sporcle quizzes.
Join for Free
OR
Log In

You Might Also Like...

Show Comments

Extras

Top Quizzes Today


Score Distribution

Your Account Isn't Verified!

In order to create a playlist on Sporcle, you need to verify the email address you used during registration. Go to your Sporcle Settings to finish the process.

Report this User

Report this user for behavior that violates our Community Guidelines.

Details: